Revista peruana de Historia Eclesiástica / (Record no. 22000)

000 -CABECERA
fixed length control field 01380nam a22002657a 4500
003 - IDENTIFICADOR DEL NÚMERO DE CONTROL
control field AR-CdUCM
008 - DATOS DE LONGITUD FIJA--INFORMACIÓN GENERAL
fixed length control field 190425b ||||| |||| 00| 0 spa d
040 ## - FUENTE DE LA CATALOGACIÓN
Agencia/entidad que catalogó originalmente la obra MUNICIPALIDAD PROVINCIAL DEL CUSCO
Entidad que transcribió la catalogación BIBLIOTECA MUNICIPAL DEL CUSCO
082 ## - NÚMERO DE LA CLASIFICACIÓN DECIMAL DEWEY
No. de Clasificación Hist.Ecle/N°1/1989
110 ## - ENTRADA PRINCIPAL--NOMBRE DE ENTIDAD CORPORATIVA
Nombre de la institución, jurisdicción como entrada principal Instituto Peruano de Historia Eclesiástica
9 (RLIN) 47113
245 ## - MENCIÓN DE TÍTULO
Título Revista peruana de Historia Eclesiástica /
Mención de responsabilidad Instituto Peruano de Historia Eclesiástica
260 ## - PUBLICACIÓN, DISTRIBUCIÓN, ETC.
Lugar de publicación, distribución, etc. Lima.
Nombre de la editorial, distribuidor, etc. Servicio copias Gráficas,
Fecha de publicación, distribución, etc. 1989.
300 ## - DESCRIPCIÓN FÍSICA
Nº de Páginas Extensión 235 páginas. :
Dimensiones 22 cm.
440 ## - MENCIÓN DE SERIE/PUNTO DE ACCESO ADICIONAL--TÍTULO
Título Revista peruana de Historia Eclesiástica.
Número de la parte/sección de una obra N°1,1989.
9 (RLIN) 47114
505 ## - NOTA DE CONTENIDO CON FORMATO
Nota de contenido formateada Contenido: Los seminarios y colegios en el Virreinato. -- Seminario de Santo Toribio de Lima. Guillermo Lohman Villena. -- Seminario de San Antonio Abad del Cuzco. Horacio Villanueva Urteaga. -- Seminario de San Jerónimo de Arequipa. -- Seminario de San Carlos y San Marcelo de Trujillo. -- Seminario de San Cristóbal de Huamanga. -- Colegio de San Bernardo de Cusco. -- Colegio de San Pedro de Nolasco...
650 ## - PUNTO DE ACCESO ADICIONAL DE MATERIA--TÉRMINO DE MATERIA
Descriptor Historia eclesiástica
9 (RLIN) 42856
650 ## - PUNTO DE ACCESO ADICIONAL DE MATERIA--TÉRMINO DE MATERIA
Descriptor Monumento históricos
9 (RLIN) 47115
650 ## - PUNTO DE ACCESO ADICIONAL DE MATERIA--TÉRMINO DE MATERIA
Descriptor Educación colonial
9 (RLIN) 25888
650 ## - PUNTO DE ACCESO ADICIONAL DE MATERIA--TÉRMINO DE MATERIA
Descriptor Historia del Cusco
9 (RLIN) 1714
650 ## - PUNTO DE ACCESO ADICIONAL DE MATERIA--TÉRMINO DE MATERIA
Descriptor Religión católica
9 (RLIN) 47116
700 ## - PUNTO DE ACCESO ADICIONAL--NOMBRE DE PERSONA
Nombre Personal Villanueva Urteaga, Horacio
9 (RLIN) 5790
700 ## - PUNTO DE ACCESO ADICIONAL--NOMBRE DE PERSONA
Nombre Personal Lohman Villena, Guillermo
9 (RLIN) 47117
942 ## - ELEMENTOS DE PUNTO DE ACCESO ADICIONAL (KOHA)
Fuente de clasificación
Tipo de item Revistas cusqueñas
945 ## - PROCESAMIENTO DE INFORMACIÓN LOCAL (OCLC)
Catalogador rac
Holdings
Estado de retiro (separado) Fuente de clasificación o esquema de estanterías Estado dañado Ubicación Sala donde se ubica Nombre de la colección Fecha de adquisición o compra Costo, precio normal en soles Signatura topográfica Código de Barras Última vez visto (Koha) Tipo de ítem (Koha)
No     Sala Hemeroteca Sala Hemeroteca Book Cart 2022-02-03 10.00 Hist.Ecle/N°1/1989 REVC000523 2022-02-03 Revistas cusqueñas
No     Sala Hemeroteca Sala Hemeroteca Book Cart 2022-02-03 10.00 Hist.Ecle/N°1/1989/e.2 REVC000524 2022-02-03 Revistas cusqueñas

Powered by Koha